LEADER 00936nam a2200241 i 4500 001 000000164526 003 CaOOAMICUS 005 20240213094942.0 008 070918s1920 fr u000 u fre u 040 $aSeMil$bita 100 1 $aBarthou, Louis,$d<1862-1934>.$0(OLS)http://semarc/name/62171 245 10$aMirabeau /$cPar Louis Barthou. 264 1$aParis :$bLibrairie Hachette,$c1920. 300 $a323 p., 8 c. di tav. ;$c22 cm. 490 1 $aFigures du passé 600 14$aRiqueti di Mirabeau, Honoré Gabriel <1749-1791>.$0(OLS)http://semarc/subject/39572 830 0$aFigures du passé.$0(OLS)http://semarc/title/24257 850 $aSeMil 852 $aSeMil$W1$xVenegono$y1$m3U II 136$j246104$B115759$CSeMilBibl$Z2$F126660 $81 961 $aRecupero: Altro 996 $6245$aMirabeau$9(OLS)http://semarc/title/234705 996 $6264$aParis :$bLibrairie Hachette$9(OLS)http://semarc/publisher/33597 LEADER 01078nam a2200253 i 4500 001 000000167897 003 CaOOAMICUS 005 20071221000000.0 008 071221s1976 it u000 u ita u 013 $a145297 040 $aSeMil$bita 100 1 $aSpinsanti, Sandro,$d<1942- >.$0(OLS)http://semarc/name/12161 245 12$aI compagni scomodi dell'uomo-massa :$bi «santi» e i «morti» /$cSandro Spinsanti. 260 $a[Italia] :$bPaoline,$cCopyr. 1976. 300 $a102 p. ;$c18x11 cm. 490 0 $aI tempi forti ;$v3 650 4$aMorte - Meditazioni.$0(OLS)http://semarc/subject/5125 650 4$aMorte - Pastorale.$0(OLS)http://semarc/subject/19304 830 2$aI tempi forti ;$v3.$0(OLS)http://semarc/title/20192 850 $aSeMil 852 $aSeMil$W1$xVenegono$y1$m3F III 396$j119033$B119033$CSeMilBibl$Z2$F130776 $81 961 $aLascito: Cazzaniga don Francesco 996 $6245$aI compagni scomodi dell'uomo-massa :$bi «santi» e i «morti»$9(OLS)http://semarc/title/240241 996 $6260$a[Italia] :$bPaoline$9(OLS)http://semarc/publisher/31241